000
00256nam a22001097a 4500
008
170125b xxu||||| |||| 00| 0 eng d
020
_a
0721653057
041
_a
eng
080
_2
2ND
_a
61
245
_a
CURRENT UROLOGIC THERAPY
_c
KAUFMAN, J.J
942
_2
udc
_c
BK
999
_c
3697
_d
3697